<?xml version="1.0" encoding="UTF-8"?>
<record
    xmlns:xsi="http://www.w3.org/2001/XMLSchema-instance"
    xsi:schemaLocation="http://www.loc.gov/MARC21/slim http://www.loc.gov/standards/marcxml/schema/MARC21slim.xsd"
    xmlns="http://www.loc.gov/MARC21/slim">

  <leader>00775nam a22002297a 4500</leader>
  <controlfield tag="008">240620b        mp ||||| |||| 00| 0 mon d</controlfield>
  <datafield tag="020" ind1=" " ind2=" ">
    <subfield code="a">978-9919-517-42-7</subfield>
  </datafield>
  <datafield tag="035" ind1=" " ind2=" ">
    <subfield code="a">21260</subfield>
  </datafield>
  <datafield tag="040" ind1=" " ind2=" ">
    <subfield code="a">UM0146080</subfield>
    <subfield code="b">mon</subfield>
    <subfield code="c">MN-UlNLM</subfield>
    <subfield code="d">MN-UlNLM</subfield>
    <subfield code="e">rda</subfield>
  </datafield>
  <datafield tag="041" ind1=" " ind2=" ">
    <subfield code="a">mon</subfield>
  </datafield>
  <datafield tag="042" ind1=" " ind2=" ">
    <subfield code="a">81596</subfield>
  </datafield>
  <datafield tag="084" ind1=" " ind2=" ">
    <subfield code="2">NNA</subfield>
    <subfield code="a">63.3/5&#x41C;&#x43E;&#x43D;/6-8</subfield>
    <subfield code="b">&#x422;594</subfield>
  </datafield>
  <datafield tag="100" ind1=" " ind2=" ">
    <subfield code="a">&#x422;&#x4E9;&#x440;&#x43C;&#x4E9;&#x43D;&#x445; &#x411;.</subfield>
  </datafield>
  <datafield tag="245" ind1=" " ind2="0">
    <subfield code="a">&#x41C;&#x43E;&#x43D;&#x433;&#x43E;&#x43B; &#x445;&#x4AF;&#x43D; &#x414;.&#x41D;&#x430;&#x446;&#x430;&#x433;&#x434;&#x43E;&#x440;&#x436;</subfield>
  </datafield>
  <datafield tag="264" ind1=" " ind2=" ">
    <subfield code="a">&#x423;&#x411;</subfield>
    <subfield code="b">&#x410;&#x414;&#x41C;&#x41E;&#x41D; &#x41F;&#x420;&#x418;&#x41D;&#x422; &#x425;&#x425;&#x41A;</subfield>
    <subfield code="c">2022</subfield>
  </datafield>
  <datafield tag="300" ind1=" " ind2=" ">
    <subfield code="a">63&#x445;.</subfield>
  </datafield>
  <datafield tag="336" ind1=" " ind2=" ">
    <subfield code="2">rdacontent</subfield>
    <subfield code="a">text</subfield>
    <subfield code="b">txt</subfield>
  </datafield>
  <datafield tag="337" ind1=" " ind2=" ">
    <subfield code="2">rdamedia</subfield>
    <subfield code="a">unmediated</subfield>
    <subfield code="b">n</subfield>
  </datafield>
  <datafield tag="338" ind1=" " ind2=" ">
    <subfield code="2">rdacarrier</subfield>
    <subfield code="a">volume</subfield>
    <subfield code="b">nc</subfield>
  </datafield>
  <datafield tag="942" ind1=" " ind2=" ">
    <subfield code="2">NNA</subfield>
    <subfield code="c">BK</subfield>
  </datafield>
  <datafield tag="952" ind1=" " ind2=" ">
    <subfield code="0">0</subfield>
    <subfield code="1">0</subfield>
    <subfield code="4">0</subfield>
    <subfield code="6">6335&#x41C;&#x41E;&#x41D;68_&#x422;594</subfield>
    <subfield code="7">0</subfield>
    <subfield code="8">UM0145</subfield>
    <subfield code="a">UM0146080</subfield>
    <subfield code="b">UM0146080</subfield>
    <subfield code="c">UM0145</subfield>
    <subfield code="d">2024-07-01</subfield>
    <subfield code="g">22900.00</subfield>
    <subfield code="l">0</subfield>
    <subfield code="o">63.3/5&#x41C;&#x43E;&#x43D;/6-8  &#x422;594</subfield>
    <subfield code="p">UM01421260-2-1</subfield>
    <subfield code="r">2024-07-01</subfield>
    <subfield code="t">92088</subfield>
    <subfield code="y">BK</subfield>
  </datafield>
  <datafield tag="952" ind1=" " ind2=" ">
    <subfield code="0">0</subfield>
    <subfield code="1">0</subfield>
    <subfield code="4">0</subfield>
    <subfield code="6">6335&#x41C;&#x41E;&#x41D;68_&#x422;594</subfield>
    <subfield code="7">0</subfield>
    <subfield code="8">UM0143</subfield>
    <subfield code="a">UM0146080</subfield>
    <subfield code="b">UM0146080</subfield>
    <subfield code="c">UM0143</subfield>
    <subfield code="d">2024-07-01</subfield>
    <subfield code="g">22900.00</subfield>
    <subfield code="l">0</subfield>
    <subfield code="o">63.3/5&#x41C;&#x43E;&#x43D;/6-8  &#x422;594</subfield>
    <subfield code="p">UM01421260-3-1</subfield>
    <subfield code="r">2024-07-01</subfield>
    <subfield code="t">92087</subfield>
    <subfield code="y">BK</subfield>
  </datafield>
  <datafield tag="952" ind1=" " ind2=" ">
    <subfield code="0">0</subfield>
    <subfield code="1">0</subfield>
    <subfield code="4">0</subfield>
    <subfield code="6">6335&#x41C;&#x41E;&#x41D;68_&#x422;594</subfield>
    <subfield code="7">0</subfield>
    <subfield code="8">UM0142</subfield>
    <subfield code="a">UM0146080</subfield>
    <subfield code="b">UM0146080</subfield>
    <subfield code="c">UM0142</subfield>
    <subfield code="d">2024-07-01</subfield>
    <subfield code="g">22900.00</subfield>
    <subfield code="l">1</subfield>
    <subfield code="o">63.3/5&#x41C;&#x43E;&#x43D;/6-8  &#x422;594</subfield>
    <subfield code="p">UM01421260-5-1</subfield>
    <subfield code="r">2026-03-24</subfield>
    <subfield code="s">2026-03-24</subfield>
    <subfield code="t">93008</subfield>
    <subfield code="y">BK</subfield>
  </datafield>
  <datafield tag="999" ind1=" " ind2=" ">
    <subfield code="c">1054950</subfield>
    <subfield code="d">1055007</subfield>
  </datafield>
</record>
